|
|
|
|
| LEADER |
00000nam0a2200000 4500 |
| 001 |
198965 |
| 005 |
20231101224842.0 |
| 035 |
|
|
|a (RuTPU)RU\TPU\book\216979
|
| 090 |
|
|
|a 198965
|
| 100 |
|
|
|a 20110714d1963 m y0rusy50 ca
|
| 101 |
0 |
|
|a rus
|
| 102 |
|
|
|a RU
|
| 105 |
|
|
|a ac z 001zd
|
| 200 |
1 |
|
|a Мария Федоровна Андреева
|e Переписка. Воспоминания. Статьи. Документы. Воспоминания о М. Ф. Андреевой
|f составление, статья и комментарии А. П. Григорьевой и С. В. Щириной
|
| 205 |
|
|
|a Изд. 2-е, доп.
|
| 210 |
|
|
|a Москва
|c Искусство
|d 1963
|
| 215 |
|
|
|a 767 с.
|c портр.
|
| 300 |
|
|
|a Книга подготовлена при участии работников Архива А. М. Горького. Значительная часть публикуемых текстов предоставлена Архивом.
|
| 320 |
|
|
|a Комментарии: с. 603-698
|
| 320 |
|
|
|a Указ. имен: с. 699-724.
|
| 600 |
|
1 |
|a Андреева
|b М. Ф.
|c наст. фамилия Юрковская
|c актриса
|f 1868-1953
|g Мария Фёдоровна
|2 stltpush
|3 (RuTPU)RU\TPU\pers\28600
|9 13419
|
| 600 |
|
1 |
|a Горький
|b М.
|c настоящая фамилия Пешков
|c русский писатель
|c публицист
|f 1868-1936
|g Максим
|2 stltpush
|3 (RuTPU)RU\TPU\pers\1037
|9 460
|
| 600 |
|
1 |
|a Станиславский
|b К. С.
|c настоящая фамилия Алексеев
|c российский режиссер
|c актер
|c педагог
|c теоретик театра
|f 1863-1938
|g Константин Сергеевич
|2 stltpush
|3 (RuTPU)RU\TPU\pers\13437
|9 4091
|
| 610 |
1 |
|
|a театральная жизнь
|
| 610 |
1 |
|
|a русский театр
|
| 610 |
1 |
|
|a Россия
|
| 610 |
1 |
|
|a 19 век
|
| 610 |
1 |
|
|a 20 век
|
| 610 |
1 |
|
|a эпистолярное наследие
|
| 610 |
1 |
|
|a Московский художественный театр
|
| 675 |
|
|
|a 792(с)(092)
|v 3
|
| 702 |
|
1 |
|a Григорьева
|b А. П.
|4 080
|
| 702 |
|
1 |
|a Щирина
|b С. В.
|4 080
|
| 801 |
|
1 |
|a RU
|b 63413507
|c 20110714
|
| 801 |
|
2 |
|a RU
|b 63413507
|c 20110714
|g RCR
|
| 942 |
|
|
|c BK
|